Proficiency masterclass (Workbook with answers)
Saved in:
| Main Author: | |
|---|---|
| Format: | Book |
| Language: | Undetermined |
| Published: |
Oxford
Oxford Univ. Press
1999
|
| Subjects: | |
| Tags: |
Add Tag
No Tags, Be the first to tag this record!
|
| Institutions: | Trung tâm Học liệu Trường Đại học Cần Thơ |
|---|
| LEADER | 00603nam a2200193Ia 4500 | ||
|---|---|---|---|
| 001 | CTU_35057 | ||
| 008 | 210402s9999 xx 000 0 und d | ||
| 020 | |b 67.000đ | ||
| 082 | |a 428.24 | ||
| 082 | |b G922w | ||
| 100 | |a Kathy Gude | ||
| 245 | 0 | |a Proficiency masterclass (Workbook with answers) | |
| 245 | 0 | |c Kathy Gude, Michael Duckworth | |
| 260 | |a Oxford | ||
| 260 | |b Oxford Univ. Press | ||
| 260 | |c 1999 | ||
| 650 | |a english language - study and teaching,english language - textbooks for foreign speakers | ||
| 904 | |i Minh, 000215 | ||
| 980 | |a Trung tâm Học liệu Trường Đại học Cần Thơ | ||